01153nam a22001577a 4500003000900000005001700009008004100026040001300067100002900080245014000109250001100249260001800260300001800278490001400296520068500310IT-RoPau20220918181107.0130601b xxu||||| |||| 00| 0 eng d cIT-RoPau aPastoral Juvenil Paulina aComo Pablo apóstoles por vocaciónbPastoral Juvenil Paulina. Proyecto de Vida. Año vocacional paulino (04 Abr 2005 - 04 Abr 2006) a1° ed aMéxicobSSP a64 pp.c14 cm aSan Pablo aĺndice Presentación Pastoral Juvenil Paulina ¿qué es la Pastoral Juvenil? Características ¿ Por qué una nueva, propuesta de formación juvenil? Como Pablo Apóstoles por vocación Estatuto de vida de grupo El integrante del grupo Aclaraciones El integrante conflicto De las parejas grupo Coordinación nacional Consejo nacional Funciones de los integrantes dl consejo nacional Coordinación local Funciones de cada integrante de la coordinación local La coordinación y los padres de familia La pastoral Juvenil Paulina y la Familia Paulina Fechas importantes Directorio coordinadores Notas y / o Pendientes Notas y / o Pendientes Notas y / o Pendientes